Ortopedia y fracturas : (Registro nro. 23161)
[ vista simple ]
| 000 -LEADER | |
|---|---|
| fixed length control field | 01154nam a2200301 4500 |
| 001 - CONTROL NUMBER | |
| control field | 0000018300 |
| 003 - CONTROL NUMBER IDENTIFIER | |
| control field | CO-CtgCURN |
| 005 - DATE AND TIME OF LATEST TRANSACTION | |
| control field | 20250331185222.0 |
| 007 - PHYSICAL DESCRIPTION FIXED FIELD--GENERAL INFORMATION | |
| fixed length control field | ta |
| 008 - FIXED-LENGTH DATA ELEMENTS--GENERAL INFORMATION | |
| fixed length control field | 160627s2000 000 0 eng d |
| 020 ## - INTERNATIONAL STANDARD BOOK NUMBER | |
| International Standard Book Number | 8471013126 |
| 040 ## - CATALOGING SOURCE | |
| Original cataloging agency | CO-CtgCURN |
| Language of cataloging | spa |
| Transcribing agency | coctgcurn |
| 082 0# - DEWEY DECIMAL CLASSIFICATION NUMBER | |
| Classification number | 617.3 |
| Item number | M27o |
| 100 1# - MAIN ENTRY--PERSONAL NAME | |
| Personal name | MCRae Frcs, Ronald. |
| 245 10 - TITLE STATEMENT | |
| Title | Ortopedia y fracturas : |
| Remainder of title | exploracion y tratamiento / |
| Statement of responsibility, etc. | Ronald MCRae Frcs. |
| 260 ## - PUBLICATION, DISTRIBUTION, ETC. | |
| Place of publication, distribution, etc. | Madrid : |
| Name of publisher, distributor, etc. | Marban, |
| Date of publication, distribution, etc. | 2000. |
| 300 ## - PHYSICAL DESCRIPTION | |
| Extent | 526 p. |
| 336 ## - CONTENT TYPE | |
| Source | rdacontent |
| 337 ## - MEDIA TYPE | |
| Source | rdamedia |
| Media type term | sin mediacion |
| Media type code | n |
| 338 ## - CARRIER TYPE | |
| Source | rdacarrier |
| Carrier type term | volumen |
| Carrier type code | nc |
| 500 ## - GENERAL NOTE | |
| General note | Incluye indice. |
| 505 8# - FORMATTED CONTENTS NOTE | |
| Formatted contents note | Nervios segmentarios y perifericos.--Columna cervical.--Hombro.--Codo.--Muñeca.--Cadera.--Fracturas terminología basica.--El servicio de traumatología.--Fracturas de la tibia.--Femur y region de la rodilla.-- Lesiones en la region del tobillo |
| 650 14 - SUBJECT ADDED ENTRY--TOPICAL TERM | |
| Topical term or geographic name entry element | Fracturas del craneo |
| Form subdivision | Investigaciones. |
| 908 ## - PUT COMMAND PARAMETER (RLIN) | |
| Put command parameter | 160627 |
| 942 ## - ADDED ENTRY ELEMENTS (KOHA) | |
| Koha item type | Libros |
| Classification part | 617.3 |
| Item part | M27o |
| Source of classification or shelving scheme | Dewey Decimal Classification |
| Withdrawn status | Lost status | Source of classification or shelving scheme | Damaged status | Not for loan | Collection | Home library | Current library | Shelving location | Date acquired | Inventory number | Total checkouts | Full call number | Barcode | Date last seen | Copy number | Price effective from | Koha item type | Public note |
|---|---|---|---|---|---|---|---|---|---|---|---|---|---|---|---|---|---|---|
| Dewey Decimal Classification | General | Miguel Henríquez Emiliani | Miguel Henríquez Emiliani | General | 03/31/2025 | 009575 | 617.3 M27o | 009575 | 03/31/2025 | ej.1 | 03/31/2025 | Libros | 610-CIENME | |||||
| Dewey Decimal Classification | General | Miguel Henríquez Emiliani | Miguel Henríquez Emiliani | General | 03/31/2025 | 009576 | 617.3 M27o | 009576 | 03/31/2025 | ej.2 | 03/31/2025 | Libros | 610-CIENME |